| 000 | 00818nam a2200289Ia 4500 | ||
|---|---|---|---|
| 001 | Z_157 | ||
| 003 | CHAP | ||
| 008 | 220113s1988 xx 000 0 und d | ||
| 010 | _a163129 | ||
| 040 | _cCHAP | ||
| 082 | _a633.2 E87 | ||
| 100 |
_aEstación Experimental de Pastos y Forrajes Indio Hatuey. Matanzas, Cuba _9137374 |
||
| 245 |
_aFomento y explotación de los pastos tropicales: compendio de conferencias / _cpor La Estación |
||
| 260 |
_aPerico, Matanzas : _bLa Estación, _c1988 |
||
| 300 | _a131 p. | ||
| 440 | _a | ||
| 500 | _a | ||
| 503 | _a | ||
| 650 |
_aPastos forrajeros I. Asociación Latinoamericana de Producción Animal II. t. _9137375 |
||
| 650 |
_aPastos _xTrópicos _986085 |
||
| 901 | _a633.2 E87 | ||
| 902 | _aA | ||
| 910 | _a1988 | ||
| 942 | _c1 | ||
| 942 | _cc1 | ||
| 999 |
_c163129 _d163129 |
||